Discurso del método (Record no. 205959)

MARC details
000 -CABECERA
campo de control de longitud fija 00817cam a2200277 a 4500
003 - IDENTIFICADOR DEL NÚMERO DE CONTROL
campo de control UPN
005 - FECHA Y HORA DE LA ÚLTIMA TRANSACCIÓN
campo de control 20230608064042.0
008 - ELEMENTOS DE LONGITUD FIJA--INFORMACIÓN GENERAL
campo de control de longitud fija 191105s1984 sp gr 000 0dspa d
020 ## - NÚMERO INTERNACIONAL NORMALIZADO PARA LIBROS
Número Internacional Estándar del Libro 8472915816
035 ## - NÚMERO DE CONTROL DEL SISTEMA
Número de control de sistema UPN01000233864
040 ## - FUENTE DE LA CATALOGACIÓN
Centro catalogador/agencia de origen MX-MxUPN
Lengua de catalogación spa
Centro/agencia transcriptor MX-MxUPN
050 #4 - SIGNATURA TOPOGRÁFICA DE LA BIBLIOTECA DEL CONGRESO
Número de clasificación B1848
Número de documento/Ítem D438 1984f
100 1# - ASIENTO PRINCIPAL--NOMBRE PERSONAL
Nombre de persona Descartes, René,
Fechas asociadas al nombre 1596-1650
9 (RLIN) 30199
245 10 - MENCIÓN DE TÍTULO
Título Discurso del método
260 ## - PUBLICACIÓN, DISTRIBUCIÓN, ETC.
Lugar de publicación, distribución, etc. Madrid :
Nombre del editor, distribuidor, etc. Sarpe,
Fecha de publicación, distribución, etc. 1984.
300 ## - DESCRIPCIÓN FÍSICA
Extensión 171 páginas
490 0# - MENCIÓN DE SERIE
Mención de serie Los grandes pensadores ;
Designación de volumen o secuencia 21
500 ## - NOTA GENERAL
Nota general Título original: Discours de la méthode.
650 #4 - ASIENTO SECUNDARIO DE MATERIA - TERMINO TEMATICO
Término de materia o nombre geográfico como elemento de entrada Ciencia
Subdivisión general Metodología
9 (RLIN) 5804
650 #4 - ASIENTO SECUNDARIO DE MATERIA - TERMINO TEMATICO
Término de materia o nombre geográfico como elemento de entrada Razonamiento
9 (RLIN) 3600
650 #7 - ASIENTO SECUNDARIO DE MATERIA - TERMINO TEMATICO
9 (RLIN) 11991
Término de materia o nombre geográfico como elemento de entrada Filosofía francesa
700 1# - ASIENTO SECUNDARIO--NOMBRE DE PERSONAL
9 (RLIN) 45050
Nombre de persona García Borrón, Juan Carlos
Término indicativo de función/relación traductor
905 ## - TIPO DE MATERIAL
Tipo de material Libro
942 ## - ELEMENTOS DE PUNTO DE ACCESO ADICIONAL (KOHA)
Suprimir en OPAC No
Fuente del sistema de clasificación o colocación Library of Congress Classification
Tipo de ítem Koha Libro
Holdings
Estado de retiro Estado de pérdida Fuente del sistema de clasificación o colocación Estado dañado No para préstamo Código de colección Localización permanente Ubicación/localización actual Ubicación en estantería Fecha de adquisición Total de préstamos Renovaciones totales Clasificación Código de barras Fecha visto por última vez Fecha del último préstamo Tipo de ítem Koha
    Library of Congress Classification     Colección General Bib. Gregorio Torres Quintero Bib. Gregorio Torres Quintero Planta baja 23/06/2022 1 1 B1848 D438 1984f 333519 04/05/2023 22/03/2023 Libro